Countries According to Bing - Statistics

General Stats
  • This quiz has been taken 10 times
  • The average score is 8 of 15
Answer Stats
Bing Country % Correct
Artistic Italy
90%
Resilient Russia
90%
Innovative Japan
80%
Festive Brazil
70%
Vast Canada
70%
Vibrant Australia
60%
Geothermal Iceland
60%
Dynamic United States
60%
Ancient Egypt
50%
Passionate Argentina
40%
Arid Saudi Arabia
40%
Classical Austria
30%
Wild Kenya
10%
Colorful Netherlands
10%
Luxurious Switzerland
10%
No matching quizzes found
Score Distribution
Percent of People with Each Score
Percentile by Number Answered
Your Score History
You have not taken this quiz